| 000 | 00566nam a2200193 i 4500 | ||
|---|---|---|---|
| 001 | 59931 | ||
| 003 | ES-MaACL | ||
| 005 | 20230906164126.0 | ||
| 007 | t| | ||
| 008 | 031031s1959 sp ||||1| spa d | ||
| 100 | 1 |
_aErcilla, José de. _947362 |
|
| 245 | 1 | 0 |
_aDe la imagen a la idea / _cJosé de Ercilla. |
| 260 |
_a[Madrid] : _bGredos, _c1959 ( _fCóndor) |
||
| 300 |
_a418 p. ; _c20 cm. |
||
| 490 | 1 | _aBiblioteca hispánica de filosofía | |
| 830 | 0 |
_aBiblioteca hispánica de filosofía _9181000 |
|
| 852 |
_aES-MaACL _jC-16590 _bR.44846 |
||
| 999 |
_c59931 _d59931 |
||